000
00336nam a22001457a 4500
008
221110b ||||| |||| 00| 0 eng d
020
_a
9780826127839
041
_a
eng
080
_2
FOURTH EDITION
_a
61
082
_a
61 FLA
100
_a
6
101
_a
MJK
245
_a
MEDICAL ASPECTS OF DISABILITY
_c
FLANAGAN S
942
_2
udc
_c
BK
999
_c
58847
_d
58847